Essential primary science / (رقم التسجيلة. 14311)

تفاصيل مارك
000 -الفاتح
حقل البيانات ثابتة الطول 01017nam a2200301 a 4500
001 - رقم الضبط
رقم الضبط 015405228
003 - محدد رقم الضبط
رقم الضبط Uk
005 - وقت وتاريخ اخر تعامل مع التسجيلة
رقم الضبط 20150408113918.0
008 - عناصر البيانات ثابتة الطول - معلومات عامة
حقل البيانات ثابتة الطول 090817s2009 enka b 001 0 eng|d
015 ## - رقم الببليوجرافية الوطنية
رقم الببليوجرافية الوطنية GBB142961
المصدر bnb
020 ## - الرقم الدولى المعيارى للكتب
الرقم الدولى المعيارى للكتاب 9780335234608 (cased) :
شروط الاتاحة £65.00
020 ## - الرقم الدولى المعيارى للكتب
الرقم الدولى المعيارى للكتاب 9780335234608
020 ## - الرقم الدولى المعيارى للكتب
الرقم الدولى المعيارى للكتاب 0335234607 (cased) :
شروط الاتاحة £65.00
020 ## - الرقم الدولى المعيارى للكتب
الرقم الدولى المعيارى للكتاب 9780335234615 (pbk.) :
شروط الاتاحة £19.99
020 ## - الرقم الدولى المعيارى للكتب
الرقم الدولى المعيارى للكتاب 0335234615 (pbk.) :
شروط الاتاحة £19.99
040 ## - مصدر الفهرسة
وكالة الفهرسة الأصلية StDuBDS
لغة الفهرسة eng
وكالة النسخ StDuBDS
وكالة التعديل Uk
042 ## - رمز التحقق
رمز التحقق ukblcatcopy
082 04 - رقم تصنيف ديوى العشرى
رقم التصنيف 372.350440941
رقم الطبعة 22
رقم المادة CAE
100 1# - المدخل الرئيسى - إسم شخصى
الإسم الشخصى Cross, Alan.
9 (RLIN) 4187
245 10 - بيان العنوان
العنوان Essential primary science /
بيان المسئوليه,etc Alan Cross and Adrian Bowden.
260 ## - PUBLICATION, DISTRIBUTION, ETC. (IMPRINT)
مكان الناشر او الموزع Maidenhead :
اسم الناشر او الموزع McGraw-Hill Open University Press,
تاريخ النشر أو التوزيع 2009.
300 ## - الوصف المادى
التعداد 318 p. :
تفاصيل ماديه اخرى للوعاء ill. ;
أبعاد الوعاء 24 cm.
504 ## - تبصرة ببليوجرافية
تبصرة ببليوجرافية,الخ Includes bibliographical references and index.
650 #0 - المدخل الاضافى بالموضوع-مصطلح موضوعى
مصطلح موضوعي أو اسم جغرافي كعنصر مدخل Science
التقسيم الفرعي العام Study and teaching (Elementary)
التقسيم الفرعي الجغرافي Great Britain.
9 (RLIN) 4188
700 1# - المدخل الاضافى - اسم شخصى
الإسم الشخصى Bowden, Adrian.
9 (RLIN) 4189
942 ## - عناصر المدخل الإضافي( كوها)
مصدر التصنيف او مخطط الترفيف Dewey Decimal Classification
Koha [default] item type DVD
المقتنيات
حالة الفقد نموذج السعر الفعال حالة تلف ليس للاعارة رقم الطلب تاريخ الاكتساب الموقع الحالي الباركود الفرع الرئيسي Date last seen نوع المادة فى نظام كوها مصدر التصنيف او خطة الترفيف Total Checkouts
  2013-03-10     372.350440941 CAE 2011-09-10 قسم الاجراءات الفنية (IC) 00101528 قسم الاجراءات الفنية (IC) 2013-03-10 كتاب Dewey Decimal Classification  
  2013-03-10     372.350440941 CAE 2011-09-10 قسم الاجراءات الفنية (IC) 00101529 قسم الاجراءات الفنية (IC) 2013-03-10 كتاب Dewey Decimal Classification  
  2013-03-10     372.350440941 CAE 2011-09-10 قسم الاجراءات الفنية (IC) 00101530 قسم الاجراءات الفنية (IC) 2013-03-10 كتاب Dewey Decimal Classification  
  2013-03-10     372.350440941 CAE 2011-09-10 قسم الاجراءات الفنية (IC) 00101531 قسم الاجراءات الفنية (IC) 2013-03-10 كتاب Dewey Decimal Classification